[Event "BL2-Nord 0607"]
[Site "Germany"]
[Date "2007.04.22"]
[Round "9.4"]
[White "Heinig, Wolfram"]
[Black "Meyer, Claus Dieter"]
[Result "1/2-1/2"]
[WhiteElo "2360"]
[BlackElo "2330"]
[PlyCount "36"]
[EventDate "2006.10.15"]
[EventType "team-tourn"]
[EventRounds "9"]
[EventCountry "GER"]
[SourceTitle "EXT 2008"]
[Source "ChessBase"]
[SourceDate "2007.11.25"]
[SourceVersion "1"]
[SourceVersionDate "2007.11.25"]
[SourceQuality "1"]
[WhiteTeam "Zehlendorf"]
[BlackTeam "Werder Bremen II"]
[WhiteTeamCountry "GER"]
[BlackTeamCountry "GER"]

1. d4 d5 2. c4 c6 3. cxd5 cxd5 4. Nf3 Nf6 5. Nc3 Nc6 6. Bf4 a6 7. e3 Bg4 8. h3 Bxf3 9. Qxf3 e6 10. Bd3 Bd6 11. 0-0 Bxf4 12. Qxf4 0-0 13. Rac1 Rc8 14. Qf3 Qd6 15. Qe2 Na5 16. Na4 Nd7 17. b3 Qa3 18. Qb2 Qxb2 1/2-1/2

[Event "Oberliga Nord W 0304"]
[Site "Germany"]
[Date "2004.02.15"]
[Round "6.4"]
[White "Meyer, Claus Dieter"]
[Black "Lammers, Markus"]
[Result "1-0"]
[WhiteElo "2338"]
[BlackElo "2134"]
[PlyCount "45"]
[EventDate "2003.10.12"]
[EventType "team-tourn"]
[EventRounds "9"]
[EventCountry "GER"]
[SourceTitle "EXT 2005"]
[Source "ChessBase"]
[SourceDate "2004.11.15"]
[SourceVersion "1"]
[SourceVersionDate "2004.11.15"]
[SourceQuality "1"]
[WhiteTeam "Werder Bremen II"]
[BlackTeam "Delmenhorst"]
[WhiteTeamCountry "GER"]
[BlackTeamCountry "GER"]

1. e4 c5 2. Nf3 e6 3. c3 d5 4. e5 Bd7 5. d4 Qb6 6. a3 Bb5 7. c4 Bxc4 8. Bxc4 dxc4 9. Nbd2 cxd4 10. Nxc4 Qc5 11. Qxd4 Nc6 12. Qe4 0-0-0 13. 0-0 Qd5 14. Qc2 Kb8 15. Bg5 Qd3 16. Qa4 f6 17. Rad1 Qe4 18. Rxd8+ Nxd8 19. Qe8 Be7 20. Nd6 Qd5 21. Rc1 a6 22. Be3 b6 23. Bxb6 1-0

[Event "Oberliga Nord W 0304"]
[Site "Germany"]
[Date "2003.12.14"]
[Round "4.6"]
[White "Meyer, Claus Dieter"]
[Black "Fischbach, Harald"]
[Result "1/2-1/2"]
[WhiteElo "2338"]
[BlackElo "2246"]
[PlyCount "63"]
[EventDate "2003.10.12"]
[EventType "team-tourn"]
[EventRounds "9"]
[EventCountry "GER"]
[SourceTitle "EXT 2005"]
[Source "ChessBase"]
[SourceDate "2004.11.15"]
[SourceVersion "1"]
[SourceVersionDate "2004.11.15"]
[SourceQuality "1"]
[WhiteTeam "Werder Bremen II"]
[BlackTeam "Oldenburg Union"]
[WhiteTeamCountry "GER"]
[BlackTeamCountry "GER"]

1. e4 c5 2. Nf3 d6 3. Bb5+ Nd7 4. 0-0 Ngf6 5. Re1 g6 6. c3 Bg7 7. d4 a6 8. Bf1 e5 9. dxe5 dxe5 10. a4 0-0 11. a5 Qc7 12. Nbd2 Re8 13. Nc4 b5 14. axb6 Nxb6 15. Qd6 Qxd6 16. Nxd6 Re6 17. Nxc8 Nxc8 18. Bc4 Rb6 19. Nxe5 Nd6 20. Ba2 Nfxe4 21. Nxf7 Nxc3 22. Nh6+ Kf8 23. bxc3 Bxc3 24. Ba3 Bxa1 25. Rxa1 Rc8 26. Ng4 Nb5 27. Ne5 Kg7 28. Nc4 Rbb8 29. Bb2+ Nd4 30. Rd1 Rd8 31. Kf1 Kf8 32. Bc1 1/2-1/2

[Event "BL2-Nord 0203"]
[Site "Germany"]
[Date "2003.03.30"]
[Round "9.6"]
[White "Meyer, Claus Dieter"]
[Black "Fjodorow, Peter"]
[Result "1-0"]
[WhiteElo "2311"]
[BlackElo "2177"]
[PlyCount "89"]
[EventDate "2002.10.20"]
[EventType "team-tourn"]
[EventRounds "9"]
[EventCountry "GER"]
[SourceTitle "EXT 2004"]
[Source "ChessBase"]
[SourceDate "2003.11.25"]
[SourceVersion "1"]
[SourceVersionDate "2003.11.25"]
[SourceQuality "1"]
[WhiteTeam "Werder Bremen II"]
[BlackTeam "Hamburg Koenigsspringer"]
[WhiteTeamCountry "GER"]
[BlackTeamCountry "GER"]

1. e4 c5 2. Nf3 Nc6 3. Bb5 g6 4. 0-0 Bg7 5. Re1 e5 6. Bxc6 bxc6 7. d3 d6 8. a3 a5 9. a4 f5 10. exf5 Bxf5 11. d4 cxd4 12. Nxd4 Ne7 13. Bg5 exd4 14. Rxe7+ Qxe7 15. Bxe7 Kxe7 16. Nd2 Rhe8 17. Nb3 c5 18. Nxa5 Kf8 19. Nc4 Re6 20. Qf3 Rxa4 21. Rf1 Kg8 22. Nxd6 Rxd6 23. Qb3+ Be6 24. Qxa4 c4 25. Qe8+ Bf8 26. Ra1 Bd5 27. h4 d3 28. cxd3 cxd3 29. Qb5 Be6 30. Rd1 Rd5 31. Qe8 Rd6 32. Rxd3 Rxd3 33. Qxe6+ Kg7 34. Qc4 Rd1+ 35. Kh2 Bd6+ 36. f4 Be7 37. Qe2 Rd7 38. Qb5 Rd4 39. Qb7 Kf7 40. g3 Rb4 41. Qd5+ Kg7 42. b3 Bf6 43. Qd7+ Kh6 44. Qd6 Bc3 45. Qf8+ 1-0

[Event "BL2-Nord 0001"]
[Site "Germany"]
[Date "2000.11.12"]
[Round "2.2"]
[White "Hoerstmann, Martin"]
[Black "Meyer, Claus Dieter"]
[Result "1/2-1/2"]
[WhiteElo "2338"]
[BlackElo "2322"]
[PlyCount "52"]
[EventDate "2000.10.15"]
[EventType "team-tourn"]
[EventRounds "9"]
[EventCountry "GER"]
[SourceTitle "CBM 082 Extra"]
[Source "ChessBase"]
[SourceDate "2001.07.03"]
[SourceVersion "1"]
[SourceVersionDate "2001.07.03"]
[SourceQuality "1"]
[WhiteTeam "Isernhagen"]
[BlackTeam "Werder Bremen II"]
[WhiteTeamCountry "GER"]
[BlackTeamCountry "GER"]

1. d4 d6 2. c4 e5 3. Nf3 e4 4. Ng5 f5 5. Nc3 Nf6 6. g3 h6 7. Nh3 g5 8. f3 exf3 9. exf3 Bg7 10. Bg2 0-0 11. 0-0 Re8 12. f4 g4 13. Nf2 c6 14. d5 cxd5 15. Nxd5 Nc6 16. Be3 Kh8 17. Qd2 Be6 18. Rfe1 Qd7 19. Rad1 Qf7 20. b3 Rad8 21. a3 h5 22. Nb4 Nxb4 23. Qxb4 d5 24. Bxa7 dxc4 25. Rxd8 Rxd8 26. bxc4 Rd7 1/2-1/2

[Event "Bundesliga 9900"]
[Site "Germany"]
[Date "2000.03.13"]
[Round "13.8"]
[White "Meyer, Claus Dieter"]
[Black "Thiel, Thomas"]
[Result "1-0"]
[WhiteElo "2313"]
[BlackElo "2323"]
[PlyCount "61"]
[EventDate "1999.10.09"]
[EventType "team-tourn"]
[EventRounds "15"]
[EventCountry "GER"]
[SourceTitle "CBM 076"]
[Source "ChessBase"]
[SourceDate "2000.05.31"]
[SourceVersion "1"]
[SourceVersionDate "2000.05.31"]
[SourceQuality "1"]
[WhiteTeam "Werder Bremen"]
[BlackTeam "Wattenscheid"]
[WhiteTeamCountry "GER"]
[BlackTeamCountry "GER"]

1. e4 c5 2. Nf3 g6 3. d4 cxd4 4. Qxd4 Nf6 5. Bb5 Bg7 6. e5 Ng8 7. 0-0 Nc6 8. Bxc6 dxc6 9. Qh4 Bf5 10. Nc3 h6 11. Qa4 Qc8 12. Bf4 g5 13. Bg3 Bg4 14. Nd4 h5 15. h3 Bd7 16. e6 fxe6 17. Nf3 Bf6 18. Qe4 h4 19. Bh2 Kf8 20. Ne5 Bxe5 21. Qxe5 Nf6 22. Ne4 Rh6 23. Nxg5 Qe8 24. Rad1 Qg6 25. Rd3 Qf5 26. Rfd1 Ke8 27. Nf3 c5 28. Qc7 Bc6 29. Rd8+ Rxd8 30. Rxd8+ Kf7 31. Ne5+ 1-0

[Event "Bundesliga 9900"]
[Site "Germany"]
[Date "1999.11.07"]
[Round "4.8"]
[White "Blauert, Joerg"]
[Black "Meyer, Claus Dieter"]
[Result "1/2-1/2"]
[WhiteElo "2386"]
[BlackElo "2313"]
[PlyCount "39"]
[EventDate "1999.10.09"]
[EventType "team-tourn"]
[EventRounds "15"]
[EventCountry "GER"]
[SourceTitle "EXT 2000"]
[Source "ChessBase"]
[SourceDate "1999.11.16"]
[SourceVersion "1"]
[SourceVersionDate "1999.11.16"]
[SourceQuality "1"]
[WhiteTeam "Luebeck"]
[BlackTeam "Werder Bremen"]
[WhiteTeamCountry "GER"]
[BlackTeamCountry "GER"]

1. e4 e6 2. d3 d5 3. Qe2 Nc6 4. Nf3 e5 5. c3 a5 6. a4 Nf6 7. g3 dxe4 8. dxe4 Bc5 9. Bg2 0-0 10. 0-0 b6 11. Nbd2 Ba6 12. Nc4 Ne8 13. Nfd2 Nd6 14. b3 Qe7 15. Bh3 f6 16. Qg4 Bc8 17. Qh4 Ba6 18. Qg4 Bc8 19. Qh4 Ba6 20. Qg4 1/2-1/2

[Event "Bundesliga 9899"]
[Site "Germany"]
[Date "1999.04.18"]
[Round "15.8"]
[White "Meyer, Claus Dieter"]
[Black "Schuh, Hubert"]
[Result "0-1"]
[WhiteElo "2315"]
[BlackElo "2305"]
[PlyCount "132"]
[EventDate "1998.10.17"]
[EventType "team-tourn"]
[EventRounds "15"]
[EventCountry "GER"]
[SourceTitle "GER-chT"]
[Source "ChessBase"]
[SourceDate "1999.07.01"]
[SourceVersion "1"]
[SourceVersionDate "1999.07.01"]
[SourceQuality "1"]
[WhiteTeam "Werder Bremen"]
[BlackTeam "Zaehringen"]
[WhiteTeamCountry "GER"]
[BlackTeamCountry "GER"]

1. Nf3 c5 2. g3 b6 3. Bg2 Bb7 4. d3 Nf6 5. e4 d6 6. 0-0 g6 7. Nc3 Bg7 8. Bf4 e5 9. Bd2 Nc6 10. Qc1 Nd4 11. Nxd4 cxd4 12. Ne2 0-0 13. c4 dxc3 14. Nxc3 Ba6 15. Qb1 h6 16. b4 Qd7 17. b5 Bb7 18. Qb3 d5 19. Rfd1 Rfd8 20. a4 Rac8 21. Rac1 Rc5 22. h3 Qe6 23. exd5 Nxd5 24. Ne4 Rxc1 25. Rxc1 Nf4 26. Qxe6 Nxe6 27. Nf6+ Bxf6 28. Bxb7 Nc5 29. Bg2 Bg5 30. Bxg5 hxg5 31. a5 Rxd3 32. axb6 axb6 33. Ra1 e4 34. Ra8+ Kg7 35. Rc8 Rb3 36. Bf1 Nd3 37. Rc4 Nc5 38. Rd4 e3 39. fxe3 Rxe3 40. Kf2 Rb3 41. h4 gxh4 42. gxh4 f5 43. Kg2 Re3 44. Rd6 Re6 45. Rd8 Ne4 46. Rc8 Kf6 47. Bc4 Rd6 48. Re8 Nc5 49. Kh3 Rd4 50. Bf1 Ne6 51. Rb8 Rd6 52. Bc4 Nf4+ 53. Kg3 Nh5+ 54. Kf3 Ke5 55. Re8+ Kd4 56. Rc8 Ke5 57. Re8+ Kf6 58. Rf8+ Kg7 59. Rf7+ Kh6 60. Rc7 Nf6 61. Rc6 Ne4 62. Kf4 Rd2 63. Ke5 Nc5 64. Bf7 Nd7+ 65. Ke6 f4 66. Ke7 Ne5 0-1

[Event "Bundesliga 9798"]
[Site "Germany"]
[Date "1998.03.01"]
[Round "11.8"]
[White "Meissner, Hans Juergen"]
[Black "Meyer, Claus Dieter"]
[Result "1-0"]
[WhiteElo "2255"]
[BlackElo "2335"]
[PlyCount "75"]
[EventDate "1997.10.18"]
[EventType "team-tourn"]
[EventRounds "15"]
[EventCountry "GER"]
[SourceTitle "GER-chT"]
[Source "ChessBase"]
[SourceDate "1999.07.01"]
[SourceVersion "1"]
[SourceVersionDate "1999.07.01"]
[SourceQuality "1"]
[WhiteTeam "Berlin Empor"]
[BlackTeam "Werder Bremen"]
[WhiteTeamCountry "GER"]
[BlackTeamCountry "GER"]

1. e4 c5 2. Nf3 d6 3. d4 cxd4 4. Nxd4 Nf6 5. Nc3 e6 6. Bc4 Be7 7. Bb3 Nc6 8. Be3 Bd7 9. Qe2 Rc8 10. 0-0-0 Na5 11. f3 a6 12. g4 0-0 13. g5 Ne8 14. h4 Nxb3+ 15. axb3 Qa5 16. Kb1 Nc7 17. Qd2 Kh8 18. h5 Nb5 19. Nde2 Nxc3+ 20. Nxc3 Rc6 21. h6 g6 22. f4 Bc8 23. Bd4+ f6 24. gxf6 Bxf6 25. Bxf6+ Rxf6 26. e5 Rf7 27. exd6 Bd7 28. Qd4+ Kg8 29. Ne4 Qf5 30. Rd2 Rc8 31. Ng5 Rf6 32. Ne4 Rf7 33. Ng5 Rf6 34. Rf1 Bc6 35. Rff2 Rd8 36. Rde2 Rdf8 37. Nxe6 Re8 38. d7 1-0

[Event "Bundesliga 9798"]
[Site "Germany"]
[Date "1998.02.28"]
[Round "10.8"]
[White "Meyer, Claus Dieter"]
[Black "Rudolf, Henrik"]
[Result "0-1"]
[WhiteElo "2335"]
[BlackElo "2280"]
[PlyCount "100"]
[EventDate "1997.10.18"]
[EventType "team-tourn"]
[EventRounds "15"]
[EventCountry "GER"]
[SourceTitle "GER-chT"]
[Source "ChessBase"]
[SourceDate "1999.07.01"]
[SourceVersion "1"]
[SourceVersionDate "1999.07.01"]
[SourceQuality "1"]
[WhiteTeam "Werder Bremen"]
[BlackTeam "Neukoelln"]
[WhiteTeamCountry "GER"]
[BlackTeamCountry "GER"]

1. e4 g6 2. d4 Bg7 3. Nc3 d6 4. Nf3 Nf6 5. Bf4 c6 6. Qd2 Qa5 7. 0-0-0 0-0 8. Bh6 Bg4 9. Bxg7 Kxg7 10. Be2 Nbd7 11. h3 Bxf3 12. gxf3 b5 13. a3 b4 14. Nb1 c5 15. e5 dxe5 16. dxc5 Rab8 17. c6 Nc5 18. Bc4 Rfc8 19. Rhe1 Rxc6 20. Qe3 bxa3 21. Qxa3 Qc7 22. Nc3 Rcb6 23. Nd5 Nxd5 24. Rxd5 Ne6 25. Qc3 f6 26. b3 Nf4 27. Rd2 Rd6 28. Red1 Rbd8 29. Kb2 Nxh3 30. Rxd6 Rxd6 31. Ra1 Nf4 32. Qb4 h5 33. Qa4 Rd7 34. Bb5 Rd2 35. Bc4 Rd7 36. Bb5 Rd2 37. Bc4 Qc5 38. Qxa7 Qxa7 39. Rxa7 h4 40. Rxe7+ Kh6 41. Re8 Kg5 42. Rh8 Nh5 43. Ra8 h3 44. Ra1 h2 45. b4 Rxf2 46. b5 Rg2 47. b6 Rg1 48. b7 Rxa1 49. Kxa1 h1Q+ 50. Kb2 Qh4 0-1

[Event "Bundesliga 9798"]
[Site "Germany"]
[Date "1998.01.11"]
[Round "7.8"]
[White "Gustafsson, Jan"]
[Black "Meyer, Claus Dieter"]
[Result "1/2-1/2"]
[WhiteElo "2375"]
[BlackElo "2335"]
[PlyCount "97"]
[EventDate "1997.10.18"]
[EventType "team-tourn"]
[EventRounds "15"]
[EventCountry "GER"]
[SourceTitle "GER-chT"]
[Source "ChessBase"]
[SourceDate "1999.07.01"]
[SourceVersion "1"]
[SourceVersionDate "1999.07.01"]
[SourceQuality "1"]
[WhiteTeam "Hamburger SK"]
[BlackTeam "Werder Bremen"]
[WhiteTeamCountry "GER"]
[BlackTeamCountry "GER"]

1. d4 d5 2. c4 c6 3. cxd5 cxd5 4. Nf3 Nf6 5. Nc3 Nc6 6. Bf4 a6 7. Ne5 e6 8. e3 Nxe5 9. Bxe5 Bd7 10. Bd3 Be7 11. 0-0 0-0 12. Qc2 h6 13. Qe2 Bc6 14. Rad1 Rc8 15. Rfe1 Re8 16. f3 Nd7 17. Bg3 Bh4 18. Qf2 Bxg3 19. Qxg3 Nb6 20. Rc1 Nc4 21. Re2 b5 22. b3 Nd6 23. Rec2 Bb7 24. Ne2 Rxc2 25. Rxc2 Qb6 26. Rc5 Rc8 27. b4 Nc4 28. Nf4 Qd6 29. Kf2 Rxc5 30. bxc5 Qc7 31. Qg4 Qe7 32. h4 Kf8 33. Ne2 Qc7 34. f4 Bc8 35. Ng3 f5 36. Qg6 Qf7 37. Qh7 Qg8 38. Qg6 Bd7 39. Qh5 Be8 40. Qe2 Qf7 41. Qe1 Qe7 42. h5 Qc7 43. Qc3 Qa5 44. Qxa5 Nxa5 45. Ke1 Nc6 46. Kd2 Nb4 47. Bb1 a5 48. Kc3 Nc6 49. Bd3 1/2-1/2

[Event "Bundesliga 9697"]
[Site "Germany"]
[Date "1997.??.??"]
[Round "?.8"]
[White "Meyer, Claus Dieter"]
[Black "Gustafsson, Jan"]
[Result "0-1"]
[WhiteElo "2320"]
[BlackElo "2355"]
[PlyCount "82"]
[EventDate "1996.10.12"]
[EventType "team-tourn"]
[EventRounds "15"]
[EventCountry "GER"]
[SourceTitle "GER-chT"]
[Source "ChessBase"]
[SourceDate "1999.07.01"]
[SourceVersion "1"]
[SourceVersionDate "1999.07.01"]
[SourceQuality "1"]
[WhiteTeam "Werder Bremen"]
[BlackTeam "Hamburger SK"]
[WhiteTeamCountry "GER"]
[BlackTeamCountry "GER"]

1. Nf3 c5 2. g3 Nc6 3. Bg2 g6 4. 0-0 Bg7 5. d3 d6 6. e4 Nf6 7. Nbd2 0-0 8. a4 Rb8 9. Nc4 Ne8 10. c3 Nc7 11. h3 b6 12. Re1 e5 13. Bg5 f6 14. Be3 Be6 15. Na3 d5 16. Nb5 Rc8 17. Nxc7 Rxc7 18. Kh2 d4 19. cxd4 cxd4 20. Bd2 Qd6 21. Rf1 Rfc8 22. Ne1 Nb4 23. Rc1 Rxc1 24. Bxc1 Qc6 25. Bd2 Nc2 26. a5 Nxe1 27. Bxe1 Qc2 28. Qxc2 Rxc2 29. axb6 axb6 30. b4 Bd7 31. f4 Bb5 32. Rf3 Rc1 33. Bd2 Rc2 34. Be1 Rc1 35. Bd2 Rd1 36. Rf2 Bxd3 37. fxe5 fxe5 38. Bg5 Re1 39. Rd2 h6 40. Bd8 b5 41. Bf3 Bxe4 0-1

[Event "Bundesliga 9697"]
[Site "Germany"]
[Date "1997.??.??"]
[Round "?.8"]
[White "Meyer, Claus Dieter"]
[Black "Sehner, Norbert"]
[Result "1-0"]
[WhiteElo "2320"]
[BlackElo "2390"]
[PlyCount "123"]
[EventDate "1996.10.12"]
[EventType "team-tourn"]
[EventRounds "15"]
[EventCountry "GER"]
[SourceTitle "GER-chT"]
[Source "ChessBase"]
[SourceDate "1999.07.01"]
[SourceVersion "1"]
[SourceVersionDate "1999.07.01"]
[SourceQuality "1"]
[WhiteTeam "Werder Bremen"]
[BlackTeam "Castrop Rauxel"]
[WhiteTeamCountry "GER"]
[BlackTeamCountry "GER"]

1. Nf3 d5 2. g3 c6 3. Bg2 Bg4 4. d3 Nd7 5. Nbd2 e6 6. e4 Ngf6 7. h3 dxe4 8. dxe4 Bxf3 9. Qxf3 Bc5 10. Qe2 e5 11. 0-0 0-0 12. a4 Qc7 13. Nb3 Be7 14. Be3 Rfe8 15. Rfd1 Nf8 16. a5 Ne6 17. Qc4 Nd7 18. h4 b5 19. axb6 axb6 20. Bh3 Ndf8 21. Ra6 Rxa6 22. Qxa6 Rd8 23. Rxd8 Bxd8 24. c3 Qd6 25. Bg4 Nf4 26. Nd2 b5 27. Qc8 h5 28. Bf3 Nd3 29. b4 g6 30. Nb3 Ne6 31. Na5 c5 32. Nb7 Qc7 33. Qxc7 Bxc7 34. bxc5 Nb2 35. Nd6 Bxd6 36. cxd6 Nc4 37. d7 Nxe3 38. fxe3 Kf8 39. Be2 Ke7 40. Bxb5 Nc7 41. Bc4 f6 42. Bf7 Nb5 43. Bxg6 Kxd7 44. Kf2 Nxc3 45. Kf3 Ke7 46. Bxh5 Kf8 47. Bg6 Kg7 48. Bf5 Kh6 49. g4 Kg7 50. Kf2 Kf7 51. Ke1 Na4 52. Kd2 Nc5 53. Kc3 Na4+ 54. Kb3 Nc5+ 55. Kc4 Na4 56. g5 Nb2+ 57. Kd5 Nd1 58. g6+ Kg7 59. Ke6 Nxe3 60. h5 Nf1 61. h6+ Kxh6 62. Kf7 1-0

[Event "Oberliga Nord W 9697"]
[Site "Germany"]
[Date "1996.11.17"]
[Round "2.2"]
[White "Blancke, Stefan"]
[Black "Meyer, Claus Dieter"]
[Result "0-1"]
[WhiteElo "2265"]
[BlackElo "2320"]
[PlyCount "80"]
[EventDate "1996.10.??"]
[EventType "team"]
[EventRounds "9"]
[EventCountry "GER"]
[SourceTitle "EXT 2003"]
[Source "ChessBase"]
[SourceDate "2002.11.25"]
[SourceVersion "1"]
[SourceVersionDate "2002.11.25"]
[SourceQuality "1"]
[WhiteTeam "Buxtehude"]
[BlackTeam "Werder Bremen II"]
[WhiteTeamCountry "GER"]
[BlackTeamCountry "GER"]

1. Nf3 Nf6 2. d4 g6 3. c4 Bg7 4. g3 0-0 5. Bg2 d6 6. 0-0 c6 7. Nc3 Bg4 8. h3 Bxf3 9. Bxf3 Nbd7 10. Rb1 e5 11. e3 Qe7 12. b4 e4 13. Be2 Nb6 14. c5 Nbd5 15. Nxd5 Nxd5 16. Qc2 a6 17. Bd2 Rae8 18. a4 Qd7 19. Kh2 dxc5 20. Qxc5 b6 21. Qc2 b5 22. Rfc1 Re6 23. Qa2 Rd8 24. Bd1 Bf8 25. Bb3 Rf6 26. Rf1 g5 27. Kg2 Re8 28. Bxd5 cxd5 29. axb5 axb5 30. Bc3 Rc8 31. Rfc1 Qf5 32. Qe2 Qf3+ 33. Qxf3 exf3+ 34. Kh2 Rfc6 35. Rb3 f5 36. g4 Bd6+ 37. Kg1 fxg4 38. hxg4 Kf7 39. Kf1 Kg6 40. Ke1 Rxc3 0-1

[Event "Bundesliga 9596"]
[Site "Germany"]
[Date "1996.??.??"]
[Round "?.8"]
[White "Hille, Ralph Ingo"]
[Black "Meyer, Claus Dieter"]
[Result "1/2-1/2"]
[WhiteElo "2260"]
[BlackElo "2330"]
[PlyCount "125"]
[EventDate "1995.10.14"]
[EventType "team-tourn"]
[EventRounds "15"]
[EventCountry "GER"]
[SourceTitle "GER-chT"]
[Source "ChessBase"]
[SourceDate "1999.07.01"]
[SourceVersion "1"]
[SourceVersionDate "1999.07.01"]
[SourceQuality "1"]
[WhiteTeam "Castrop Rauxel"]
[BlackTeam "Werder Bremen"]
[WhiteTeamCountry "GER"]
[BlackTeamCountry "GER"]

1. d4 Nf6 2. g3 d5 3. Nf3 c6 4. Bg2 Bf5 5. 0-0 e6 6. c4 Nbd7 7. Nc3 Be7 8. Qb3 Qb6 9. c5 Qxb3 10. axb3 a6 11. b4 0-0 12. Rd1 h6 13. Ne5 Rad8 14. Nd3 Rfe8 15. h3 Bf8 16. g4 Bxd3 17. Rxd3 e5 18. dxe5 Nxe5 19. Rd1 Ng6 20. Be3 Nd7 21. Rd2 Nde5 22. Bd4 Be7 23. b3 Bg5 24. e3 Nh4 25. Bxe5 Rxe5 26. Rd3 Nxg2 27. Kxg2 Bf6 28. Rad1 Rde8 29. Ne2 Re4 30. Nd4 g6 31. Kf1 Kg7 32. Kg2 Rh8 33. f3 Re7 34. Nc2 h5 35. Rh1 hxg4 36. hxg4 Rhe8 37. Rhd1 Be5 38. Rh1 Ra8 39. Kf2 Ree8 40. Rdd1 Rh8 41. f4 Bc3 42. Ke2 Rae8 43. Kd3 Bb2 44. g5 Rxh1 45. Rxh1 Kg8 46. Rd1 Re4 47. Rh1 Bg7 48. Rg1 Re8 49. Rh1 Ra8 50. Rb1 Re8 51. Rh1 f6 52. gxf6 Bxf6 53. Rg1 Kf7 54. Rh1 Bg7 55. Rh7 Kg8 56. Rh1 Re4 57. Rg1 Kf7 58. Rh1 g5 59. fxg5 Rg4 60. Rf1+ Kg6 61. Rh1 Rxg5 62. Rf1 Rg4 63. Rh1 1/2-1/2

[Event "Bundesliga 9596"]
[Site "Germany"]
[Date "1996.??.??"]
[Round "?.8"]
[White "Sievers, Stefan"]
[Black "Meyer, Claus Dieter"]
[Result "1/2-1/2"]
[WhiteElo "2375"]
[BlackElo "2330"]
[PlyCount "31"]
[EventDate "1995.10.14"]
[EventType "team-tourn"]
[EventRounds "15"]
[EventCountry "GER"]
[SourceTitle "GER-chT"]
[Source "ChessBase"]
[SourceDate "1999.07.01"]
[SourceVersion "1"]
[SourceVersionDate "1999.07.01"]
[SourceQuality "1"]
[WhiteTeam "Hamburger SK"]
[BlackTeam "Werder Bremen"]
[WhiteTeamCountry "GER"]
[BlackTeamCountry "GER"]

1. e4 d6 2. d4 Nf6 3. Nc3 Nbd7 4. g3 e5 5. Nge2 c6 6. a4 a5 7. Bg2 Be7 8. 0-0 0-0 9. b3 Re8 10. Ba3 Bf8 11. Qd2 Qb6 12. Rad1 Nb8 13. h3 Na6 14. Kh2 Nb4 15. f4 exd4 16. Nxd4 1/2-1/2

[Event "Regensburg-ch"]
[Site "Regensburg"]
[Date "1995.??.??"]
[Round "?"]
[White "Gazmaga, Stefan"]
[Black "Meyer, Claus Dieter"]
[Result "0-1"]
[WhiteElo "2235"]
[BlackElo "2310"]
[PlyCount "68"]
[EventDate "1995.??.??"]
[EventType "swiss"]
[EventRounds "7"]
[EventCountry "GER"]
[SourceTitle "EXT 2006"]
[Source "ChessBase"]
[SourceDate "2005.11.24"]
[SourceVersion "1"]
[SourceVersionDate "2005.11.24"]
[SourceQuality "1"]

1. e4 e5 2. Nf3 Nc6 3. Bb5 a6 4. Bxc6 dxc6 5. d4 exd4 6. Qxd4 Qxd4 7. Nxd4 f6 8. Be3 Bd7 9. Nc3 0-0-0 10. 0-0-0 Ne7 11. f3 Ng6 12. h4 h5 13. Nce2 Re8 14. Ng3 Ne5 15. Bf2 g6 16. Rhe1 c5 17. Nb3 b6 18. Kb1 Rh7 19. Nf1 Rhe7 20. Ne3 c6 21. Nd2 Be6 22. b3 b5 23. Ndf1 Rb7 24. Re2 c4 25. Be1 Ra7 26. Ba5 Be7 27. Red2 Rb7 28. Ng3 b4 29. bxc4 Bxc4 30. f4 Rb5 31. fxe5 Be6 32. exf6 Bxf6 33. Nd5 cxd5 34. exd5 Bd7 0-1

[Event "Bundesliga 9596"]
[Site "Germany"]
[Date "1995.??.??"]
[Round "?.8"]
[White "Meyer, Claus Dieter"]
[Black "Krug, Stefan"]
[Result "1/2-1/2"]
[WhiteElo "2315"]
[BlackElo "2150"]
[PlyCount "62"]
[EventDate "1995.10.14"]
[EventType "team-tourn"]
[EventRounds "15"]
[EventCountry "GER"]
[SourceTitle "GER-chT"]
[Source "ChessBase"]
[SourceDate "1999.07.01"]
[SourceVersion "1"]
[SourceVersionDate "1999.07.01"]
[SourceQuality "1"]
[WhiteTeam "Werder Bremen"]
[BlackTeam "Bamberg"]
[WhiteTeamCountry "GER"]
[BlackTeamCountry "GER"]

1. e4 c6 2. d4 d5 3. exd5 cxd5 4. Bd3 Nc6 5. c3 Nf6 6. Bf4 g6 7. Nd2 Bf5 8. Bxf5 gxf5 9. Qb3 Qd7 10. Ngf3 Bg7 11. Ne5 Nxe5 12. Bxe5 0-0 13. Nf3 b5 14. 0-0 Qc6 15. Rfe1 e6 16. Qd1 Nd7 17. Bxg7 Kxg7 18. Qd2 h6 19. Re3 Rh8 20. Rae1 Rag8 21. Nh4 Qd6 22. Rg3+ Kf8 23. Rxg8+ Kxg8 24. g3 Kh7 25. Ng2 a5 26. Nf4 Rc8 27. Nd3 Rg8 28. Re3 Rg4 29. a3 Nb6 30. Rf3 Nc4 31. Qc1 Qe7 1/2-1/2

[Event "Bundesliga 9495"]
[Site "Germany"]
[Date "1995.??.??"]
[Round "?.7"]
[White "Meyer, Claus Dieter"]
[Black "Malich, Burkhard"]
[Result "1-0"]
[WhiteElo "2310"]
[BlackElo "2405"]
[PlyCount "77"]
[EventDate "1994.10.08"]
[EventType "team-tourn"]
[EventRounds "15"]
[EventCountry "GER"]
[SourceTitle "GER-chT"]
[Source "ChessBase"]
[SourceDate "1999.07.01"]
[SourceVersion "1"]
[SourceVersionDate "1999.07.01"]
[SourceQuality "1"]
[WhiteTeam "Werder Bremen"]
[BlackTeam "Duisburg"]
[WhiteTeamCountry "GER"]
[BlackTeamCountry "GER"]

1. e4 c5 2. Nf3 e6 3. d3 d5 4. Nbd2 Nc6 5. g3 Bd6 6. Bg2 Nge7 7. 0-0 Bc7 8. Re1 h6 9. exd5 Nxd5 10. Nb3 Bb6 11. a3 0-0 12. c4 Nf6 13. d4 cxd4 14. c5 Bc7 15. Nbxd4 Bd7 16. b4 Ne7 17. Bb2 Ned5 18. Qe2 Qb8 19. Nb5 a5 20. Nxc7 Qxc7 21. Be5 Qc8 22. Qb2 Rd8 23. Nd2 Bb5 24. Bxd5 exd5 25. Bxf6 gxf6 26. Qxf6 Ra6 27. Qd4 Qf5 28. Re5 Qf6 29. Rae1 axb4 30. axb4 Kh7 31. Nb3 Ra4 32. Qd2 Bc4 33. Nd4 Ra2 34. Qe3 Qg6 35. Rf5 Rda8 36. Qe7 Kg7 37. Ne6+ Kg8 38. Rf6 Qh5 39. Nf4 1-0